01487nam a2200385 i 450000100060000000300090000600500170001500800390003201500180007102000150008902000150010404000280011908000080014708000180015524501550017325000200032826000610034830000530040933600270046233700540048933800280054338000160057138000270058738500320061438800100064650400260065652100810068265000290076365500420079265800280083470000430086270000530090571000450095885600980100345862KOSZ 00520200722075510.0041028s2004 pl a f |000 0 pol aPB 2004/20791 a8302079782 a8302078972 aWA NcWA NdKOSZ 005/HR a664 a(075.3.053.7)00aTechnologia żywności :bpodręcznik dla technikum : praca zbiorowa.n4 /ckoordynator Mieczysław Dłużewski ; [aut. Anna Dłużewska et al.]. aWyd. 2 uaktual. aWarszawa :bWydawnictwa Szkolne i Pedagogiczne,c[2004]. a351, [1] s. :bfot., rys., tab., wykr. ;c24 cm. 2rdacontentaTekstbtxt 2rdamediaaBez urządzenia pośredniczącegobn 2rdacarrieraWoluminbnc aKsiążki aPublikacje dydaktyczne mPoziom nauczaniaaTechnikum a2001- aBibliogr. przy rozdz.8 aDo nauczania technologii na poziomie kl. IV technikum i szkoły policealnej. 4aTechnologia żywności 4aPodręczniki dla szkół zawodowych aRolnictwo i leśnictwo1 aDłużewska, Annad(1921-2001)eAutor1 aDłużewski, Mieczysławd(1922-2012)eRedakcja2 aWydawnictwa Szkolne i Pedagogiczne4pbl. uhttp://koha.tu.koszalin.pl/cgi-bin/koha/opac-detail.pl?biblionumber=45862zKatalog online BPK